<?xml version="1.0" encoding="UTF-8"?>
<record
    xmlns:xsi="http://www.w3.org/2001/XMLSchema-instance"
    xsi:schemaLocation="http://www.loc.gov/MARC21/slim http://www.loc.gov/standards/marcxml/schema/MARC21slim.xsd"
    xmlns="http://www.loc.gov/MARC21/slim">

  <leader>00864nam a2200265Ia 4500</leader>
  <datafield tag="999" ind1=" " ind2=" ">
    <subfield code="c">49538</subfield>
    <subfield code="d">49538</subfield>
  </datafield>
  <controlfield tag="001">16467</controlfield>
  <controlfield tag="003">GE_BSU</controlfield>
  <controlfield tag="005">20230313120111.0</controlfield>
  <controlfield tag="008">181216s2012||||fr |||||||||||||| ||fre||</controlfield>
  <datafield tag="020" ind1=" " ind2=" ">
    <subfield code="a">978-2011558114</subfield>
  </datafield>
  <datafield tag="040" ind1=" " ind2=" ">
    <subfield code="c">GE_BSU</subfield>
  </datafield>
  <datafield tag="041" ind1=" " ind2=" ">
    <subfield code="a">fre</subfield>
  </datafield>
  <datafield tag="080" ind1=" " ind2=" ">
    <subfield code="a">811.133.1A-44</subfield>
  </datafield>
  <datafield tag="245" ind1=" " ind2=" ">
    <subfield code="a">Alter Ego + A1 :</subfield>
    <subfield code="b">Cahier d'activit&#xE9;s  methode de francais /</subfield>
    <subfield code="c">Annie Berthet,  Emanuel daill, Caterine Hugont, Monique Waendendries. `</subfield>
  </datafield>
  <datafield tag="264" ind1=" " ind2=" ">
    <subfield code="a">Paris :</subfield>
    <subfield code="b">Hachette Fran&#xE7;ais Langue Etrang&#xE8;re,</subfield>
    <subfield code="c">2012.</subfield>
  </datafield>
  <datafield tag="300" ind1=" " ind2=" ">
    <subfield code="a">128 pages :</subfield>
    <subfield code="b">ill.;</subfield>
    <subfield code="c">28 cm.</subfield>
    <subfield code="e">+1 CD Audio.</subfield>
  </datafield>
  <datafield tag="541" ind1=" " ind2=" ">
    <subfield code="h">59gel.</subfield>
  </datafield>
  <datafield tag="653" ind1=" " ind2=" ">
    <subfield code="a">Alter Ego + A1</subfield>
  </datafield>
  <datafield tag="653" ind1=" " ind2=" ">
    <subfield code="a">&#x10E4;&#x10E0;&#x10D0;&#x10DC;&#x10D2;&#x10E3;&#x10DA;&#x10D8; &#x10D4;&#x10DC;&#x10D0;</subfield>
  </datafield>
  <datafield tag="653" ind1=" " ind2=" ">
    <subfield code="a">&#x10D2;&#x10E0;&#x10D0;&#x10DB;&#x10D0;&#x10E2;&#x10D8;&#x10D9;&#x10D0;</subfield>
  </datafield>
  <datafield tag="700" ind1=" " ind2=" ">
    <subfield code="a">daill, Emanuel </subfield>
    <subfield code="e">by</subfield>
    <subfield code="9">17181</subfield>
  </datafield>
  <datafield tag="700" ind1=" " ind2=" ">
    <subfield code="a">Hugont, Caterine</subfield>
    <subfield code="e">by</subfield>
    <subfield code="9">17182</subfield>
  </datafield>
  <datafield tag="700" ind1=" " ind2=" ">
    <subfield code="a">Waendendries, Monique</subfield>
    <subfield code="e">by</subfield>
    <subfield code="9">17183</subfield>
  </datafield>
  <datafield tag="942" ind1=" " ind2=" ">
    <subfield code="c">BK</subfield>
    <subfield code="2">udc</subfield>
  </datafield>
  <datafield tag="952" ind1=" " ind2=" ">
    <subfield code="0">0</subfield>
    <subfield code="1">0</subfield>
    <subfield code="2">udc</subfield>
    <subfield code="4">0</subfield>
    <subfield code="6">8111331A44</subfield>
    <subfield code="7">0</subfield>
    <subfield code="9">66738</subfield>
    <subfield code="a">CPL</subfield>
    <subfield code="b">CPL</subfield>
    <subfield code="c">GEN</subfield>
    <subfield code="d">2018-12-17</subfield>
    <subfield code="g">59.00</subfield>
    <subfield code="o">811.133.1A-44</subfield>
    <subfield code="p">41176</subfield>
    <subfield code="r">2018-12-17</subfield>
    <subfield code="t">41176</subfield>
    <subfield code="w">2018-12-17</subfield>
    <subfield code="y">BK</subfield>
    <subfield code="z">59.00 GEL.</subfield>
  </datafield>
  <datafield tag="952" ind1=" " ind2=" ">
    <subfield code="0">0</subfield>
    <subfield code="1">0</subfield>
    <subfield code="2">udc</subfield>
    <subfield code="4">0</subfield>
    <subfield code="6">8111331A44</subfield>
    <subfield code="7">0</subfield>
    <subfield code="9">66739</subfield>
    <subfield code="a">CPL</subfield>
    <subfield code="b">CPL</subfield>
    <subfield code="c">GEN</subfield>
    <subfield code="d">2018-12-17</subfield>
    <subfield code="g">52.00</subfield>
    <subfield code="o">811.133.1A-44</subfield>
    <subfield code="p">57582</subfield>
    <subfield code="r">2018-12-17</subfield>
    <subfield code="t">57582</subfield>
    <subfield code="w">2018-12-17</subfield>
    <subfield code="y">BK</subfield>
    <subfield code="z">52.00 GEL.</subfield>
  </datafield>
  <datafield tag="952" ind1=" " ind2=" ">
    <subfield code="0">0</subfield>
    <subfield code="1">0</subfield>
    <subfield code="2">udc</subfield>
    <subfield code="4">0</subfield>
    <subfield code="6">8111331A44</subfield>
    <subfield code="7">0</subfield>
    <subfield code="9">66740</subfield>
    <subfield code="a">CPL</subfield>
    <subfield code="b">CPL</subfield>
    <subfield code="d">2018-12-17</subfield>
    <subfield code="g">52.00</subfield>
    <subfield code="o">811.133.1A-44</subfield>
    <subfield code="p">57583</subfield>
    <subfield code="r">2018-12-17</subfield>
    <subfield code="t">57583</subfield>
    <subfield code="w">2018-12-17</subfield>
    <subfield code="y">BK</subfield>
    <subfield code="z">52.00 GEL.</subfield>
  </datafield>
</record>
